Full speed ahead (Record no. 117425)

MARC details
000 -LEADER
fixed length control field 01177cam a2200241 4500
001 - CONTROL NUMBER
control field ABS67848
008 - FIXED-LENGTH DATA ELEMENTS--GENERAL INFORMATION
fixed length control field 040601n2004 000 0 eng u
035 ## - SYSTEM CONTROL NUMBER
System control number (Sirsi) u126340
100 ## - MAIN ENTRY--PERSONAL NAME
Personal name Perry, J.
245 ## - TITLE STATEMENT
Title Full speed ahead
260 ## - PUBLICATION, DISTRIBUTION, ETC.
Date of publication, distribution, etc. 2004
490 ## - SERIES STATEMENT
Series statement Inside Housing
Volume/sequential designation 21(14) 14 May 2004, 24-26(3)
520 ## - SUMMARY, ETC.
Summary, etc. Examines the rapid progress of the Arm's Length Management Organisation (ALMO) movement from its beginnings five years ago. ALMOs now cover almost as many properties as have been sold in more than 15 years of stock transfer and more than 23 000 homes were made decent by ALMOs in the last financial year. Looks at ALMOs' future prospects and available options with the spending review in July 2004 to establish 2005-06 onwards investment levels for ALMOs. Also discusses the proposals for the ALMOs' financial regime in the longer-term to be finalised later in 2004.
590 ## - LOCAL NOTE (RLIN)
Local note ABS
590 ## - LOCAL NOTE (RLIN)
Local note ABS
650 ## - SUBJECT ADDED ENTRY--TOPICAL TERM
Topical term or geographic name entry element HOUSING SUBSIDIES
650 ## - SUBJECT ADDED ENTRY--TOPICAL TERM
Topical term or geographic name entry element SOCIAL HOUSING GRANT
650 ## - SUBJECT ADDED ENTRY--TOPICAL TERM
Topical term or geographic name entry element ARM'S LENGTH MANAGEMENT ORGANISATIONS
650 ## - SUBJECT ADDED ENTRY--TOPICAL TERM
Topical term or geographic name entry element STOCK TRANSFER
650 ## - SUBJECT ADDED ENTRY--TOPICAL TERM
Topical term or geographic name entry element HOUSING AUTHORITIES
690 ## - LOCAL SUBJECT ADDED ENTRY--TOPICAL TERM (OCLC, RLIN)
Topical term or geographic name as entry element HOUSING-SOCIAL HOUSING
942 ## - ADDED ENTRY ELEMENTS (KOHA)
Suppress in OPAC 0
Holdings
Withdrawn status Lost status Source of classification or shelving scheme Damaged status Not for loan Home library Current library Shelving location Date acquired Total Checkouts Full call number Barcode Date last seen Copy number Price effective from Koha item type
    Dewey Decimal Classification     London London Journal article 01/06/2004   ABS67848 126340-1001 06/08/2019 1 06/08/2019 Journal article